[Event "Puhajarve rap op 17th"]
[Site "Puhajarve"]
[Date "2016.11.26"]
[Round "21"]
[White "Beliavsky, Alexander G"]
[Black "Khalifman, Alexander"]
[Result "0-1"]
[WhiteElo "2605"]
[BlackElo "2617"]
[PlyCount "92"]
[EventDate "2016.11.25"]
[EventType "tourn (rapid)"]
[EventRounds "35"]
[EventCountry "EST"]
[SourceTitle "EXT 2018"]
[Source "ChessBase"]
[SourceDate "2017.10.13"]
[SourceVersion "1"]
[SourceVersionDate "2017.10.13"]
[SourceQuality "1"]

1. d4 d5 2. c4 c6 3. Nf3 Nf6 4. g3 dxc4 5. Bg2 g6 6. O-O Bg7 7. a4 Ne4 8. Qc2
Nd6 9. e4 O-O 10. Na3 Na6 11. Rd1 Nb4 12. Qc3 a5 13. e5 Nf5 14. Nxc4 Be6 15. b3
b6 16. Ba3 Nd5 17. Qc2 Re8 18. Rac1 Rc8 19. Ng5 b5 20. Nxe6 fxe6 21. Nd2 Nxd4
22. Qe4 Nf5 23. Bc5 Qc7 24. Nf3 Bh6 25. Rc2 b4 26. Re1 Nc3 27. Qc4 Qd7 28. g4
Qd5 29. gxf5 Qxc4 30. bxc4 Nxa4 31. Be3 Bxe3 32. Rxe3 Nc5 33. Rb2 exf5 34. Nd4
Red8 35. Nc2 Rd2 36. Kf1 b3 37. Ke1 Rxc2 38. Rxc2 bxc2 39. Kd2 Kf7 40. Kxc2 Ke6
41. f4 Kd7 42. Rh3 Rh8 43. Kc3 Ne6 44. Rf3 Rb8 45. Rf1 a4 46. Rd1+ Ke8 0-1

[Event "Puhajarve rap op 17th"]
[Site "Puhajarve"]
[Date "2016.11.27"]
[Round "29"]
[White "Khalifman, Alexander"]
[Black "Schuls, Olev"]
[Result "1/2-1/2"]
[WhiteElo "2617"]
[BlackElo "2224"]
[PlyCount "23"]
[EventDate "2016.11.25"]
[EventType "tourn (rapid)"]
[EventRounds "35"]
[EventCountry "EST"]
[SourceTitle "EXT 2018"]
[Source "ChessBase"]
[SourceDate "2017.10.13"]
[SourceVersion "1"]
[SourceVersionDate "2017.10.13"]
[SourceQuality "1"]

1. d4 Nf6 2. g3 c5 3. d5 e5 4. c4 d6 5. Nc3 Na6 6. e4 Be7 7. Bg2 O-O 8. Nge2
Nc7 9. O-O a6 10. a4 b6 11. h3 Rb8 12. b3 1/2-1/2

[Event "Puhajarve rap op 17th"]
[Site "Puhajarve"]
[Date "2016.11.27"]
[Round "31"]
[White "Khalifman, Alexander"]
[Black "Huebner, Robert"]
[Result "1/2-1/2"]
[WhiteElo "2617"]
[BlackElo "2574"]
[PlyCount "67"]
[EventDate "2016.11.25"]
[EventType "tourn (rapid)"]
[EventRounds "35"]
[EventCountry "EST"]
[SourceTitle "EXT 2018"]
[Source "ChessBase"]
[SourceDate "2017.10.13"]
[SourceVersion "1"]
[SourceVersionDate "2017.10.13"]
[SourceQuality "1"]

1. Nf3 Nf6 2. d4 d5 3. c4 c6 4. Nc3 dxc4 5. a4 Bf5 6. Ne5 Nbd7 7. Nxc4 Nb6 8.
Ne5 e6 9. f3 Nfd7 10. a5 Nxe5 11. axb6 Nd7 12. e4 Bg6 13. Rxa7 Rb8 14. Qb3 Bd6
15. Be3 O-O 16. e5 Be7 17. Na4 f6 18. Bc4 fxe5 19. Bxe6+ Kh8 20. O-O e4 21. f4
Nf6 22. f5 Bh5 23. Nc5 Be2 24. Nxb7 Rxb7 25. Rxb7 Bxf1 26. Kxf1 Nd5 27. Bxd5
Rxf5+ 28. Kg1 cxd5 29. Rxe7 Qxe7 30. b7 Qf8 31. Bf2 Rxf2 32. g3 Rf1+ 33. Kg2
Rf2+ 34. Kg1 1/2-1/2

[Event "Puhajarve rap op 17th"]
[Site "Puhajarve"]
[Date "2016.11.27"]
[Round "33"]
[White "Khalifman, Alexander"]
[Black "Narva, Mai"]
[Result "1/2-1/2"]
[WhiteElo "2617"]
[BlackElo "2218"]
[PlyCount "41"]
[EventDate "2016.11.25"]
[EventType "tourn (rapid)"]
[EventRounds "35"]
[EventCountry "EST"]
[SourceTitle "EXT 2018"]
[Source "ChessBase"]
[SourceDate "2017.10.13"]
[SourceVersion "1"]
[SourceVersionDate "2017.10.13"]
[SourceQuality "1"]

1. d4 Nf6 2. Nf3 d5 3. c4 e6 4. g3 Bb4+ 5. Nbd2 O-O 6. Bg2 b6 7. O-O Bb7 8. Ne5
Nbd7 9. Ndf3 h6 10. Qc2 Bd6 11. Rd1 c5 12. Nxd7 Qxd7 13. dxc5 bxc5 14. cxd5
exd5 15. b3 Qe6 16. e3 Rac8 17. Bb2 Ne4 18. Nd2 Ng5 19. Nf3 Ne4 20. Nd2 Ng5 21.
Nf3 1/2-1/2

[Event "EU-ch rapid"]
[Site "Tallinn"]
[Date "2016.12.15"]
[Round "1"]
[White "Khalifman, Alexander"]
[Black "Shirshov, Nikolay"]
[Result "1-0"]
[WhiteElo "2617"]
[BlackElo "1991"]
[PlyCount "101"]
[EventDate "2016.12.15"]
[EventType "swiss (rapid)"]
[EventRounds "11"]
[EventCountry "EST"]
[SourceTitle "CBM 176 Extra"]
[Source "ChessBase"]
[SourceDate "2017.03.02"]
[SourceVersion "1"]
[SourceVersionDate "2017.03.02"]
[SourceQuality "1"]

1. d4 Nf6 2. c4 e6 3. Nf3 Bb4+ 4. Bd2 Be7 5. Nc3 O-O 6. e4 d5 7. Qc2 dxe4 8.
Nxe4 Nc6 9. Bc3 Bb4 10. Bd3 Bxc3+ 11. Qxc3 Nxe4 12. Bxe4 Qf6 13. Ne5 Nxe5 14.
dxe5 Qf4 15. Qd4 Qg5 16. h4 Rd8 17. Bxh7+ Kf8 18. Qc5+ Qe7 19. Qxe7+ Kxe7 20.
Ke2 Rd4 21. b3 g6 22. Ke3 Rg4 23. Rag1 c5 24. f3 Rd4 25. h5 gxh5 26. Be4 Rb8
27. Rxh5 Bd7 28. Rc1 b6 29. Rhh1 Rg8 30. g4 Rd8 31. Rcd1 Be8 32. Rxd4 Rxd4 33.
Rc1 a5 34. a4 Kf8 35. f4 Bd7 36. f5 exf5 37. gxf5 Ke7 38. Rf1 Bc8 39. Rf2 Rd1
40. f6+ Kd8 41. Bd5 Ke8 42. Rh2 Re1+ 43. Kf4 Rf1+ 44. Kg3 Rg1+ 45. Kf2 Rg8 46.
Kf3 Bf5 47. Kf4 Bd7 48. Rd2 Rg4+ 49. Kf3 Rg5 50. Bxf7+ Kxf7 51. Rxd7+ 1-0

[Event "EU-ch rapid"]
[Site "Tallinn"]
[Date "2016.12.15"]
[Round "2"]
[White "Olkhovskiy, Alexander"]
[Black "Khalifman, Alexander"]
[Result "0-1"]
[WhiteElo "2133"]
[BlackElo "2617"]
[PlyCount "70"]
[EventDate "2016.12.15"]
[EventType "swiss (rapid)"]
[EventRounds "11"]
[EventCountry "EST"]
[SourceTitle "CBM 176 Extra"]
[Source "ChessBase"]
[SourceDate "2017.03.02"]
[SourceVersion "1"]
[SourceVersionDate "2017.03.02"]
[SourceQuality "1"]

1. e4 c5 2. f4 Nc6 3. Nf3 g6 4. c3 Bg7 5. Bb5 Qb6 6. Na3 Nf6 7. e5 Nd5 8. d4
cxd4 9. cxd4 O-O 10. Bc4 d6 11. O-O Be6 12. Kh1 Rad8 13. Qb3 Nxd4 14. Nxd4 Qxd4
15. Rd1 Qb6 16. Bxd5 Bxd5 17. Qxb6 axb6 18. Rxd5 dxe5 19. Rxd8 Rxd8 20. Kg1
Rd1+ 21. Kf2 exf4 22. Nc2 g5 23. Ne1 Rd6 24. h4 h6 25. hxg5 hxg5 26. a4 e5 27.
Nf3 g4 28. Nd2 f5 29. Nc4 Rd1 30. Ke2 Rg1 31. Kf2 Rh1 32. Nd6 e4 33. Nxf5 g3+
34. Nxg3 fxg3+ 35. Ke2 Rg1 0-1

[Event "EU-ch rapid"]
[Site "Tallinn"]
[Date "2016.12.15"]
[Round "3"]
[White "Khalifman, Alexander"]
[Black "Rogule, Laura"]
[Result "1/2-1/2"]
[WhiteElo "2617"]
[BlackElo "2295"]
[PlyCount "57"]
[EventDate "2016.12.15"]
[EventType "swiss (rapid)"]
[EventRounds "11"]
[EventCountry "EST"]
[SourceTitle "CBM 176 Extra"]
[Source "ChessBase"]
[SourceDate "2017.03.02"]
[SourceVersion "1"]
[SourceVersionDate "2017.03.02"]
[SourceQuality "1"]

1. d4 d5 2. c4 e6 3. Nf3 Nf6 4. g3 dxc4 5. Bg2 Nc6 6. O-O Rb8 7. Bg5 Be7 8. e3
O-O 9. Qe2 Na5 10. Nbd2 b6 11. Nxc4 Ba6 12. b3 Nd7 13. Bxe7 Qxe7 14. Qc2 Nxc4
15. bxc4 c5 16. Qa4 Bb7 17. Qxa7 cxd4 18. exd4 Qd6 19. Ne5 Nxe5 20. dxe5 Qxe5
21. Rfe1 Qc5 22. Bxb7 Qc7 23. Rab1 Rxb7 24. Qa4 Rc8 25. Rb4 g6 26. Qb3 Qc5 27.
Rc1 Rc6 28. Qb2 Rd7 29. Rb5 1/2-1/2

[Event "EU-ch rapid"]
[Site "Tallinn"]
[Date "2016.12.15"]
[Round "4"]
[White "Zubritskiy, Artyom"]
[Black "Khalifman, Alexander"]
[Result "0-1"]
[WhiteElo "2442"]
[BlackElo "2617"]
[PlyCount "78"]
[EventDate "2016.12.15"]
[EventType "swiss (rapid)"]
[EventRounds "11"]
[EventCountry "EST"]
[SourceTitle "CBM 176 Extra"]
[Source "ChessBase"]
[SourceDate "2017.03.02"]
[SourceVersion "1"]
[SourceVersionDate "2017.03.02"]
[SourceQuality "1"]

1. d4 g6 2. Nf3 Bg7 3. c4 c5 4. d5 Nf6 5. Nc3 d6 6. e4 O-O 7. Bd3 e6 8. O-O
exd5 9. cxd5 Bg4 10. h3 Bxf3 11. Qxf3 Nbd7 12. Qe2 a6 13. a4 Ne5 14. Bc2 Re8
15. f4 Ned7 16. Qf3 c4 17. Be3 Qa5 18. Rae1 b5 19. axb5 axb5 20. Ne2 b4 21. Bd4
Re7 22. Kh1 Rae8 23. Ng3 h5 24. e5 dxe5 25. fxe5 Nxe5 26. Rxe5 Rxe5 27. Bxe5
Rxe5 28. d6 b3 29. Bb1 Re1 30. Ne4 Rxf1+ 31. Qxf1 Nxe4 32. Bxe4 Qd2 33. Qf3 c3
34. bxc3 b2 35. Qf1 Qxd6 36. c4 Qd2 37. g3 Be5 38. Qd3 Qe1+ 39. Kg2 Bxg3 0-1

[Event "EU-ch rapid"]
[Site "Tallinn"]
[Date "2016.12.15"]
[Round "5"]
[White "Khalifman, Alexander"]
[Black "Narmontas, Matas"]
[Result "1/2-1/2"]
[WhiteElo "2617"]
[BlackElo "2411"]
[PlyCount "99"]
[EventDate "2016.12.15"]
[EventType "swiss (rapid)"]
[EventRounds "11"]
[EventCountry "EST"]
[SourceTitle "CBM 176 Extra"]
[Source "ChessBase"]
[SourceDate "2017.03.02"]
[SourceVersion "1"]
[SourceVersionDate "2017.03.02"]
[SourceQuality "1"]

1. d4 f5 2. g3 Nf6 3. Bg2 e6 4. Nf3 d5 5. O-O Bd6 6. c4 c6 7. Ne5 O-O 8. Bf4
Qe7 9. Nd2 b6 10. Rc1 Bb7 11. Ndf3 Ne4 12. Nd3 Bxf4 13. Nxf4 Nd7 14. Qa4 Rfc8
15. Rfd1 Nd6 16. cxd5 exd5 17. e3 Ne4 18. Nd3 c5 19. dxc5 bxc5 20. Qa3 Rc7 21.
Rc2 Rac8 22. Rdc1 Qd6 23. Nd4 c4 24. Qxd6 Nxd6 25. Nf4 Nb6 26. h4 g6 27. Nde2
Ne4 28. Nc3 Rd7 29. Rd1 Kf7 30. Bf1 Nf6 31. Rcd2 h6 32. Bg2 Rcd8 33. Bh3 Ne4
34. Nxe4 dxe4 35. Rxd7+ Rxd7 36. Rxd7+ Nxd7 37. h5 g5 38. Bxf5 Ne5 39. Ne2 Kf6
40. g4 Nd3 41. b3 cxb3 42. axb3 a5 43. Nd4 Nc5 44. Kf1 Bd5 45. Ke1 Ke5 46. Kd2
Nxb3+ 47. Nxb3 Bxb3 48. Kc3 Bf7 49. Bd7 Kd5 50. Ba4 1/2-1/2

[Event "EU-ch rapid"]
[Site "Tallinn"]
[Date "2016.12.15"]
[Round "6"]
[White "Krupenski, Juri"]
[Black "Khalifman, Alexander"]
[Result "1/2-1/2"]
[WhiteElo "2432"]
[BlackElo "2617"]
[PlyCount "58"]
[EventDate "2016.12.15"]
[EventType "swiss (rapid)"]
[EventRounds "11"]
[EventCountry "EST"]
[SourceTitle "CBM 176 Extra"]
[Source "ChessBase"]
[SourceDate "2017.03.02"]
[SourceVersion "1"]
[SourceVersionDate "2017.03.02"]
[SourceQuality "1"]

1. d4 Nf6 2. c4 g6 3. f3 c5 4. dxc5 Qa5+ 5. Nc3 Qxc5 6. e4 Bg7 7. Qe2 O-O 8.
Be3 Qa5 9. Qd2 Nc6 10. Nge2 d6 11. Nd5 Qxd2+ 12. Kxd2 e6 13. Nxf6+ Bxf6 14. Nc3
Rd8 15. Rd1 b6 16. Kc2 Ba6 17. Nb5 Rac8 18. Kb1 Bxb5 19. cxb5 Ne5 20. Be2 Nc4
21. Bc1 d5 22. b3 Na5 23. exd5 exd5 24. f4 d4 25. Ba3 Nb7 26. Bc4 Nd6 27. Bxd6
Rxd6 28. Rhe1 Kf8 29. Kc2 Re8 1/2-1/2

[Event "EU-ch rapid"]
[Site "Tallinn"]
[Date "2016.12.16"]
[Round "7"]
[White "Khalifman, Alexander"]
[Black "Shkapenko, Pavel"]
[Result "1/2-1/2"]
[WhiteElo "2617"]
[BlackElo "2425"]
[PlyCount "76"]
[EventDate "2016.12.15"]
[EventType "swiss (rapid)"]
[EventRounds "11"]
[EventCountry "EST"]
[SourceTitle "CBM 176 Extra"]
[Source "ChessBase"]
[SourceDate "2017.03.02"]
[SourceVersion "1"]
[SourceVersionDate "2017.03.02"]
[SourceQuality "1"]

1. c4 Nf6 2. g3 d5 3. cxd5 Qxd5 4. Nf3 Nc6 5. Nc3 Qh5 6. d4 Bg4 7. Bg2 e6 8.
Qa4 Qa5 9. Qxa5 Nxa5 10. Ne5 Bh5 11. Nb5 Bb4+ 12. Bd2 Bxd2+ 13. Kxd2 O-O-O 14.
b4 a6 15. Na3 Rxd4+ 16. Kc3 Rhd8 17. bxa5 Ne4+ 18. Bxe4 Rxe4 19. Nd3 Bxe2 20.
Nb2 Rd5 21. Rhe1 Rxa5 22. Nc2 Rh5 23. h4 Rf5 24. f4 Rd5 25. Rg1 c5 26. Rae1 b5
27. Rg2 b4+ 28. Kb3 Rd2 29. Rc1 Kb7 30. a3 a5 31. axb4 axb4 32. Ka2 Kc6 33. Ka1
Kb5 34. Kb1 Rd8 35. Re1 Bf3 36. Rxe4 Bxe4 37. Re2 Bf5 38. Kc1 Bxc2 1/2-1/2

[Event "EU-ch rapid"]
[Site "Tallinn"]
[Date "2016.12.16"]
[Round "8"]
[White "Sarana, Alexey"]
[Black "Khalifman, Alexander"]
[Result "1/2-1/2"]
[WhiteElo "2457"]
[BlackElo "2617"]
[PlyCount "51"]
[EventDate "2016.12.15"]
[EventType "swiss (rapid)"]
[EventRounds "11"]
[EventCountry "EST"]
[SourceTitle "CBM 176 Extra"]
[Source "ChessBase"]
[SourceDate "2017.03.02"]
[SourceVersion "1"]
[SourceVersionDate "2017.03.02"]
[SourceQuality "1"]

1. d4 d5 2. c4 c6 3. Nf3 Nf6 4. Nc3 a6 5. Qc2 g6 6. e4 dxe4 7. Nxe4 Nxe4 8.
Qxe4 Bg7 9. Be2 Nd7 10. O-O Nf6 11. Qe3 O-O 12. b3 Re8 13. Bb2 Bg4 14. Rad1 a5
15. h3 Bxf3 16. Bxf3 e6 17. Rfe1 Qd6 18. a3 Red8 19. Rd2 h5 20. Red1 Kh7 21.
Rd3 Kg8 22. Qg5 Nh7 23. Qe3 Nf6 24. Qg5 Nh7 25. Qe3 Nf6 26. Qg5 1/2-1/2

[Event "EU-ch rapid"]
[Site "Tallinn"]
[Date "2016.12.16"]
[Round "9"]
[White "Khalifman, Alexander"]
[Black "Hartikainen, Markku"]
[Result "1/2-1/2"]
[WhiteElo "2617"]
[BlackElo "2300"]
[PlyCount "151"]
[EventDate "2016.12.15"]
[EventType "swiss (rapid)"]
[EventRounds "11"]
[EventCountry "EST"]
[SourceTitle "CBM 176 Extra"]
[Source "ChessBase"]
[SourceDate "2017.03.02"]
[SourceVersion "1"]
[SourceVersionDate "2017.03.02"]
[SourceQuality "1"]

1. d4 Nf6 2. c4 g6 3. Nf3 Bg7 4. g3 O-O 5. Bg2 d6 6. O-O Nc6 7. Nc3 a6 8. Bf4
Rb8 9. Rc1 Bf5 10. Qd2 Ne4 11. Nxe4 Bxe4 12. d5 Bxf3 13. Bxf3 Ne5 14. Bg2 c5
15. dxc6 bxc6 16. b4 Qb6 17. c5 Qxb4 18. Qxb4 Rxb4 19. cxd6 exd6 20. Bxc6 Rb2
21. Bd5 Rxe2 22. Rfd1 h5 23. Bb3 Nf3+ 24. Kg2 Nd4 25. Bc4 Rb2 26. Bxd6 Re8 27.
Re1 Rd8 28. Ba3 Rc2 29. Red1 Rc8 30. Bd3 Rxc1 31. Rxc1 Ra8 32. Bd6 Nb5 33. Bf4
Nc3 34. Bc4 a5 35. Bd2 Ne4 36. Be1 Ra7 37. Bd5 Nf6 38. Rc8+ Kh7 39. Bf3 Ng4 40.
Ra8 Rxa8 41. Bxa8 a4 42. Bd5 f5 43. h3 Ne5 44. Bb4 Nd3 45. Bd6 Bd4 46. f4 Nc5
47. Kf3 Kg7 48. Be7 Nd3 49. g4 hxg4+ 50. hxg4 fxg4+ 51. Kxg4 Bc5 52. Bd8 a3 53.
Kf3 Nb4 54. Bc4 Nc6 55. Bg5 Nb4 56. Ke4 Nc2 57. Bd8 Nb4 58. Bc7 Kf6 59. Be5+
Ke7 60. Bc3 Ke8 61. Bd2 Ke7 62. Bc1 Nc2 63. Bd3 Nb4 64. Bb1 Na6 65. Kd5 Bd6 66.
Bd2 Nc7+ 67. Ke4 Ne6 68. Bc2 Nc5+ 69. Kf3 Kf6 70. Bc3+ Kf7 71. Bb4 Nb7 72. Bb3+
Kf6 73. Bc3+ Ke7 74. Bc2 Kf7 75. Ke4 Ke6 76. Bb3+ 1/2-1/2

[Event "EU-ch rapid"]
[Site "Tallinn"]
[Date "2016.12.16"]
[Round "10"]
[White "Lobanov, Sergei"]
[Black "Khalifman, Alexander"]
[Result "1-0"]
[WhiteElo "2429"]
[BlackElo "2617"]
[PlyCount "107"]
[EventDate "2016.12.15"]
[EventType "swiss (rapid)"]
[EventRounds "11"]
[EventCountry "EST"]
[SourceTitle "CBM 176 Extra"]
[Source "ChessBase"]
[SourceDate "2017.03.02"]
[SourceVersion "1"]
[SourceVersionDate "2017.03.02"]
[SourceQuality "1"]

1. e4 c5 2. Nf3 Nc6 3. d4 cxd4 4. Nxd4 g6 5. Nc3 Bg7 6. Be3 Nf6 7. Nb3 O-O 8.
Be2 d6 9. O-O Be6 10. f4 Rc8 11. Bf3 Bc4 12. Rf2 e5 13. Rd2 exf4 14. Rxd6 fxe3
15. Rxd8 Rfxd8 16. Qe1 Nd7 17. Nd1 Nd4 18. Nxe3 Nxc2 19. Nxc2 Bxb3 20. axb3
Rxc2 21. Rd1 Rcc8 22. Bg4 Ne5 23. Bxc8 Rxc8 24. h3 h5 25. Qa5 Nc6 26. Qb5 Rc7
27. Rd6 Kh7 28. Qd5 Ne5 29. Rd8 Re7 30. Qd6 Re6 31. Qc7 Rc6 32. Qxb7 Rc1+ 33.
Kh2 Bh6 34. Kg3 Rf1 35. Rh8+ Kxh8 36. Qb8+ Kh7 37. Qxe5 Bg7 38. Qb5 Re1 39. Kf3
Bxb2 40. Qd7 Rf1+ 41. Ke2 Rf4 42. Qxa7 Rxe4+ 43. Kf3 Rb4 44. Qxf7+ Bg7 45. Ke3
Kh6 46. Kd3 h4 47. Kc2 g5 48. Qe6+ Kh7 49. Qe7 Rd4 50. Qxg5 Bf8 51. Qf5+ Kg8
52. Qe6+ Kh7 53. Qe5 Bg7 54. Qe7 1-0

[Event "WchT Seniors 50"]
[Site "Hersonissos"]
[Date "2017.04.24"]
[Round "1.2"]
[White "Khalifman, Alexander"]
[Black "Burchardt, Brigitte"]
[Result "1-0"]
[WhiteElo "2617"]
[BlackElo "2182"]
[PlyCount "87"]
[EventDate "2017.04.24"]
[EventType "team-swiss"]
[EventRounds "9"]
[EventCountry "GRE"]
[SourceTitle "CBM 178 Extra"]
[Source "ChessBase"]
[SourceDate "2017.06.22"]
[SourceVersion "1"]
[SourceVersionDate "2017.06.22"]
[SourceQuality "1"]
[WhiteTeam "St Petersburg"]
[BlackTeam "Germany (Women)"]
[WhiteTeamCountry "RUS"]
[BlackTeamCountry "GER"]

1. d4 d5 2. c4 e6 3. Nc3 Nf6 4. Nf3 c6 5. Bg5 Be7 6. e3 Nbd7 7. Bd3 O-O 8. O-O
dxc4 9. Bxc4 Nd5 10. Bxe7 Qxe7 11. e4 N5b6 12. Bb3 e5 13. Qe2 exd4 14. Nxd4 Nc5
15. Bc2 Be6 16. Rfe1 Rad8 17. Rad1 g6 18. h3 Qg5 19. b4 Bc4 20. Qg4 Qxg4 21.
hxg4 Ne6 22. Nb3 Bxb3 23. Bxb3 Nd4 24. f4 Kg7 25. Kf2 f6 26. Ke3 Nxb3 27. axb3
Rfe8 28. Rxd8 Rxd8 29. Na4 Nxa4 30. bxa4 Rd7 31. Rh1 a6 32. f5 h5 33. gxh5 gxh5
34. Rxh5 Rd1 35. g4 Re1+ 36. Kd4 b6 37. g5 c5+ 38. bxc5 bxc5+ 39. Kd5 c4 40.
gxf6+ Kxf6 41. Rh6+ Kg5 42. Rc6 Rd1+ 43. Kxc4 Kf4 44. Re6 1-0

[Event "WchT Seniors 50"]
[Site "Hersonissos"]
[Date "2017.04.25"]
[Round "2.1"]
[White "Rantanen, Yrjo A"]
[Black "Khalifman, Alexander"]
[Result "1/2-1/2"]
[WhiteElo "2292"]
[BlackElo "2617"]
[PlyCount "69"]
[EventDate "2017.04.24"]
[EventType "team-swiss"]
[EventRounds "9"]
[EventCountry "GRE"]
[SourceTitle "CBM 178 Extra"]
[Source "ChessBase"]
[SourceDate "2017.06.22"]
[SourceVersion "1"]
[SourceVersionDate "2017.06.22"]
[SourceQuality "1"]
[WhiteTeam "Finland"]
[BlackTeam "St Petersburg"]
[WhiteTeamCountry "FIN"]
[BlackTeamCountry "RUS"]

1. e4 c5 2. Nf3 d6 3. d4 cxd4 4. Nxd4 Nf6 5. Nc3 g6 6. Be3 Bg7 7. f3 a6 8. Qd2
h5 9. Nd5 Nbd7 10. c4 O-O 11. Be2 e6 12. Nxf6+ Bxf6 13. Rd1 d5 14. cxd5 exd5
15. exd5 Re8 16. O-O Nb6 17. Nc2 Bf5 18. Bd3 Nxd5 19. Bxf5 Nxe3 20. Nxe3 Qxd2
21. Rxd2 Rxe3 22. Be4 Rd8 23. Rxd8+ Bxd8 24. Rd1 Bb6 25. Kf1 a5 26. Rd7 Kf8 27.
Rxb7 Bd4 28. a4 f5 29. Bd5 Re7 30. Rb5 Rc7 31. Ke2 Rc5 32. Rb8+ Kg7 33. Rb7+
Kh6 34. Bf7 Rc2+ 35. Kd3 1/2-1/2

[Event "WchT Seniors 50"]
[Site "Hersonissos"]
[Date "2017.04.26"]
[Round "3.1"]
[White "Khalifman, Alexander"]
[Black "Huzman, Alexander"]
[Result "1/2-1/2"]
[WhiteElo "2617"]
[BlackElo "2550"]
[PlyCount "23"]
[EventDate "2017.04.24"]
[EventType "team-swiss"]
[EventRounds "9"]
[EventCountry "GRE"]
[SourceTitle "CBM 178 Extra"]
[Source "ChessBase"]
[SourceDate "2017.06.22"]
[SourceVersion "1"]
[SourceVersionDate "2017.06.22"]
[SourceQuality "1"]
[WhiteTeam "St Petersburg"]
[BlackTeam "Israel"]
[WhiteTeamCountry "RUS"]
[BlackTeamCountry "ISR"]

1. e4 e5 2. Nf3 Nf6 3. Nxe5 d6 4. Nf3 Nxe4 5. d4 d5 6. Bd3 Be7 7. O-O Nc6 8.
Nbd2 Bf5 9. Re1 Nd6 10. Nf1 O-O 11. Bf4 Bg6 12. c3 1/2-1/2

[Event "WchT Seniors 50"]
[Site "Hersonissos"]
[Date "2017.04.27"]
[Round "4.1"]
[White "Vaganian, Rafael A"]
[Black "Khalifman, Alexander"]
[Result "1/2-1/2"]
[WhiteElo "2560"]
[BlackElo "2617"]
[PlyCount "23"]
[EventDate "2017.04.24"]
[EventType "team-swiss"]
[EventRounds "9"]
[EventCountry "GRE"]
[SourceTitle "CBM 178 Extra"]
[Source "ChessBase"]
[SourceDate "2017.06.22"]
[SourceVersion "1"]
[SourceVersionDate "2017.06.22"]
[SourceQuality "1"]
[WhiteTeam "Armenia"]
[BlackTeam "St Petersburg"]
[WhiteTeamCountry "ARM"]
[BlackTeamCountry "RUS"]

1. d4 Nf6 2. c4 g6 3. g3 Bg7 4. Bg2 c5 5. Nf3 O-O 6. O-O cxd4 7. Nxd4 d5 8.
cxd5 Nxd5 9. Nb5 Be6 10. Nd4 Bc8 11. Nb5 Be6 12. Nd4 1/2-1/2

[Event "WchT Seniors 50"]
[Site "Hersonissos"]
[Date "2017.04.28"]
[Round "5.1"]
[White "Khalifman, Alexander"]
[Black "Kantsler, Boris"]
[Result "1/2-1/2"]
[WhiteElo "2617"]
[BlackElo "2436"]
[PlyCount "25"]
[EventDate "2017.04.24"]
[EventType "team-swiss"]
[EventRounds "9"]
[EventCountry "GRE"]
[SourceTitle "CBM 178 Extra"]
[Source "ChessBase"]
[SourceDate "2017.06.22"]
[SourceVersion "1"]
[SourceVersionDate "2017.06.22"]
[SourceQuality "1"]
[WhiteTeam "St Petersburg"]
[BlackTeam "Ashdod"]
[WhiteTeamCountry "RUS"]
[BlackTeamCountry "ISR"]

1. e4 c5 2. Nf3 e6 3. d4 cxd4 4. Nxd4 a6 5. c4 Nf6 6. Nc3 Qc7 7. Be2 Bb4 8. Nc2
Be7 9. Be3 d6 10. O-O O-O 11. Rc1 b6 12. Nd4 Bb7 13. f3 1/2-1/2

[Event "WchT Seniors 50"]
[Site "Hersonissos"]
[Date "2017.04.29"]
[Round "6.1"]
[White "Short, Nigel D"]
[Black "Khalifman, Alexander"]
[Result "1/2-1/2"]
[WhiteElo "2683"]
[BlackElo "2617"]
[PlyCount "106"]
[EventDate "2017.04.24"]
[EventType "team-swiss"]
[EventRounds "9"]
[EventCountry "GRE"]
[SourceTitle "CBM 178 Extra"]
[Source "ChessBase"]
[SourceDate "2017.06.22"]
[SourceVersion "1"]
[SourceVersionDate "2017.06.22"]
[SourceQuality "1"]
[WhiteTeam "England"]
[BlackTeam "St Petersburg"]
[WhiteTeamCountry "ENG"]
[BlackTeamCountry "RUS"]

1. e4 e5 2. Nf3 Nc6 3. Bb5 Nf6 4. d3 Bc5 5. Bxc6 dxc6 6. Nbd2 Be6 7. Qe2 Nd7 8.
Nf1 Qe7 9. Ng3 O-O-O 10. a3 h5 11. b4 Bd6 12. Ng5 g6 13. Nxe6 Qxe6 14. Nf1 Nf8
15. Ne3 Qd7 16. Nc4 Ne6 17. f3 c5 18. Qf2 Qa4 19. Bb2 cxb4 20. axb4 Qxb4+ 21.
Qd2 Qxd2+ 22. Kxd2 f6 23. Nxd6+ Rxd6 24. Rxa7 Re8 25. h4 Nd4 26. Rf1 Nc6 27.
Raa1 b5 28. f4 Kd7 29. Rf3 b4 30. Raf1 Ke6 31. fxe5 fxe5 32. Rg3 Kd7 33. Rg5
Rde6 34. c3 bxc3+ 35. Bxc3 Ke7 36. Rb1 Rd8 37. Rb5 Kf6 38. Rd5 Rdd6 39. Ke3 Re7
40. Bb2 Re8 41. Bc3 Rxd5 42. exd5 Nd8 43. Rxe5 Rxe5+ 44. Kf4 Nf7 45. Bb2 Ke7
46. Bxe5 Kd7 47. Ke4 Nh6 48. Bf4 Nf7 49. Kd4 Kd8 50. Kc5 Kd7 51. d6 cxd6+ 52.
Kd5 Ke7 53. d4 Kd7 1/2-1/2

[Event "WchT Seniors 50"]
[Site "Hersonissos"]
[Date "2017.04.30"]
[Round "7.1"]
[White "Khalifman, Alexander"]
[Black "Papadimitriou, Loukas"]
[Result "1-0"]
[WhiteElo "2617"]
[BlackElo "2003"]
[PlyCount "39"]
[EventDate "2017.04.24"]
[EventType "team-swiss"]
[EventRounds "9"]
[EventCountry "GRE"]
[SourceTitle "CBM 178 Extra"]
[Source "ChessBase"]
[SourceDate "2017.06.22"]
[SourceVersion "1"]
[SourceVersionDate "2017.06.22"]
[SourceQuality "1"]
[WhiteTeam "St Petersburg"]
[BlackTeam "Greece"]
[WhiteTeamCountry "RUS"]
[BlackTeamCountry "GRE"]

1. d4 d5 2. c4 dxc4 3. e4 Nf6 4. e5 Nd5 5. Bxc4 Nb6 6. Bd3 Nc6 7. Be3 Nb4 8.
Be4 f5 9. a3 e6 10. axb4 Bxb4+ 11. Nc3 fxe4 12. Qh5+ g6 13. Qg4 Nc4 14. Nge2
Nxe3 15. fxe3 O-O 16. Nf4 c5 17. O-O cxd4 18. Nxe4 Rf5 19. Nxg6 hxg6 20. Qxg6+
1-0